| 000 | 00338nam a2200145Ia 4500 | ||
|---|---|---|---|
| 008 | 230917s9999||||xx |||||||||||||| ||und|| | ||
| 040 |
_e200626 _aMAIN |
||
| 041 | _aEnglish | ||
| 082 | _a823.7 E44S:G | ||
| 100 | _aSpeaight, Robert | ||
| 245 | 0 | _aGeorge Eliot | |
| 260 |
_aLondon _bArthur Barker _c1968 |
||
| 300 | _a128 p. | ||
| 942 | _cBK | ||
| 999 |
_c69028 _d69028 |
||